Úloha ABC transportérov v sekundárnom metabolizme Trichoderma viride bakalárska práca

Salvato in:
Dettagli Bibliografici
Autore principale: Zajiček, Matej
Natura: Libro
Lingua:slovacco
Pubblicazione: Bratislava STU FCHPT 2014
Accesso online:Visualizza in OPAC
Tags: Aggiungi Tag
Nessun Tag, puoi essere il primo ad aggiungerne!!

MARC

LEADER 00000nam a2200000 a 4500
005 20260127134231.0
008 140818 2014 000 0 slo d
035 |a vtls010614762 
039 9 |y 201408181251  |z mschk03 
040 |a STUSCHK1  |b slo  |c STUSCHK1  |e AACR2 
100 1 |a Zajiček, Matej 
245 1 |a Úloha ABC transportérov v sekundárnom metabolizme Trichoderma viride  |b bakalárska práca  |c Matej Zajiček 
260 |a Bratislava  |b STU FCHPT  |c 2014 
300 |a 50 s.  |b Obr., tab.  |c 30 cm 
500 |a Obhájené: 15.7.2014 
500 |a Štud. program: biotechnológia a potravinárska technológia 
500 |a Štud. odbor: biotechnologie 
500 |a Škol. pracovisko: Odd. biochémie a mikrobiologie 
500 |a Evid. číslo: FCHPT-13567-42811 
910 |a SCHK95 
999 |c 7389  |d 7389